| 000 | 00798cam a2200241 4500 | ||
|---|---|---|---|
| 008 | 000000n2000 000 0 eng u | ||
| 020 | _a0750425946 | ||
| 035 | _a(Sirsi) u112043 | ||
| 050 | _a711.109429 | ||
| 110 |
_aNAFW _93812 |
||
| 245 | _aMinerals planning and policy Wales | ||
| 260 |
_aCardiff _bNational Assembly for Wales _c2000 |
||
| 300 | _a36, 36p. ; 30cm. | ||
| 520 | _aText in English and Welsh. Also avilable on the Assembly website http://www.wales.gov.uk/subiplanning/content/minerals/minerals-planpol-e.htm | ||
| 650 | _aPLANNING | ||
| 650 | _aWALES | ||
| 650 | _aMINERALS | ||
| 650 | _aMINERALS PLANNING | ||
| 650 | _aMPG | ||
| 690 | _aMINERALS AND MINING | ||
| 856 | _uhttps://www.wales.gov.uk/subiplanning/content/minerals/minerals-planpol-e.htm | ||
| 942 | _n0 | ||
| 999 |
_c101351 _d101351 |
||